000 00682nam a2200193 4500
001 143945
003 ES-MaACL
005 20230906200919.0
007 t|
008 070214q1952 it r ||||1| fre d
110 2 _aShevchenko Scientific Society.
_96594
245 1 0 _aResumé de la Conférence Scientifique á Sarcelles
_b: Paris 15-16 IX 1952 /
_cShevchenko Scientific Society.
260 _aRoma :
_bScuola Salesiana del Libro,
_c[1952?]
300 _a63 p. ;
_c24 cm.
500 _aEs separata de `Analecta O.S.B.M.`, tomo I., fasc. 4.
711 1 _aConférence Scientifique (
_cSarcelles (
_d1952)
_9220946
852 _aES-MaACL
_j1962-F-4
_bR.36077
999 _c143945
_d143945